000
00314nam a22001337a 4500
020
_a
978-81-8477-492-4
082
_a
500
_b
BAS/M
100
_a
BIMAN BASU
245
_a
MASTERING SCIENCE
_b
CLASS VII
260
_a
DELHI
_b
SCHOLASTIC INDIA
_c
2014
300
_a
231
650
_a
SCIENCE FOR CLASS VII
_z
INDIA
942
_c
BK
999
_c
965
_d
965